00945cam a22002771 450000100060000000300080000600500170001400800390003103500190007003500180008904000270010704100080013408200200014210000440016224500480020626000500025430000290030449000570033350000200039065000180041083000190042883000580044794200120050599900170051795201330053417336BD-RjUL20211209000125.0140216r19451938nyu 001 0 eng a(BD-RjUL)17394 a(OCoLC)938518 aDLCcMWPdBD-RjULbeng aeng00a666.1bMOP 19451 aMorey, George Washington,d1888-95342914aThe properties of glass /cGeorge W. Morey. aNew York :bReinhold,cc1938 [Printing 1945]. a561p. :billus. ;c24cm.1 aAmerican Chemical Society. Monograph series,vno. 77 aIncludes index. 0aGlass.953430 0vno. 77.953433 0aMonograph series (American Chemical Society) ;930083 2ddccBK c17336d17336 00102ddc40718NFICaRUCLbRUCLcReadingd1958-03-01eU. S. I. S.l0o666.1 MOP 1945r2014-02-16 00:00:00tC-1w2014-02-16yBK